Rash Behari Basu, (Record no. 61777)

MARC details
000 -LEADER
fixed length control field 01236cam a22002771 4500
001 - CONTROL NUMBER
control field sa 65000841
003 - CONTROL NUMBER IDENTIFIER
control field DLC
005 - DATE AND TIME OF LATEST TRANSACTION
control field 20260227112105.0
008 - FIXED-LENGTH DATA ELEMENTS--GENERAL INFORMATION
fixed length control field 840815s1963 ii ach 000 0 eng
010 ## - LIBRARY OF CONGRESS CONTROL NUMBER
LC control number sa 65000841
025 ## - OVERSEAS ACQUISITION NUMBER
Overseas acquisition number PL480:I-E-2892
035 ## - SYSTEM CONTROL NUMBER
System control number (OCoLC)11058244
040 ## - CATALOGING SOURCE
Original cataloging agency DLC
Transcribing agency NcWsW
Modifying agency DLC
042 ## - AUTHENTICATION CODE
Authentication code premarc
050 00 - LIBRARY OF CONGRESS CALL NUMBER
Classification number DS481.B59
Item number B5
110 2# - MAIN ENTRY--CORPORATE NAME
Corporate name or jurisdiction name as entry element Biplabi Mahanayak Rash Behari Basu Smarak Samity, Calcutta.
245 10 - TITLE STATEMENT
Title Rash Behari Basu,
Remainder of title his struggle for India's independence.
Statement of responsibility, etc. Editor-in-chief: Radhanath Rath. Editor: Sabitri Prasanna Chatterjee.
250 ## - EDITION STATEMENT
Edition statement [1st ed.]
260 ## - PUBLICATION, DISTRIBUTION, ETC.
Place of publication, distribution, etc. Calcutta
Date of publication, distribution, etc. [1963]
300 ## - PHYSICAL DESCRIPTION
Extent xxxx, 596 p.
Other physical details illus., facsims., ports.
Dimensions 23 cm.
505 0# - FORMATTED CONTENTS NOTE
Formatted contents note Messages and tributes.--Letters.--Tributes from Japan.--Speeches, broadcasts and statements.--Discourses on cultural and national subjects--Notes from Japan.--Further broadcasts and messages to Indian nation and congress leaders.--Bangkok conference: fuller details.--Appreciation by eminent personages.--Other contributions.
600 10 - SUBJECT ADDED ENTRY--PERSONAL NAME
Personal name Bose, Rash Behari,
Dates associated with a name 1886-1945.
700 1# - ADDED ENTRY--PERSONAL NAME
Personal name Bose, Rash Behari,
Dates associated with a name 1886-1945.
700 1# - ADDED ENTRY--PERSONAL NAME
Personal name Ratha, Rādhānātha,
Dates associated with a name 1896-1998.
700 1# - ADDED ENTRY--PERSONAL NAME
Personal name Chatterjee, Sabitri Prasanna,
Relator term ed.

No items available.

Powered by Koha